Statystyki dla Najbogatsze państwa na świecie

Kliknij tutaj aby rozwiązać quiz!

Ogólne statystyki

  • Ten quiz został rozwiązany 2 554 razy
    (2 113 od ostatniego zresetowania)
  • Średni wynik to 11 z 15

Statystyki odpowiedzi

HintOdpowiedź% Poprawnych
21 433 225 mln $Stany Zjednoczone
99%
14 862 564 mln $Chiny
95%
4 135 992 mln $Rosja
92%
4 672 006 mln $Niemcy
89%
3 228 039 mln $Francja
87%
5 450 654 mln $Japonia
80%
3 222 990 mln $Brazylia
77%
3 254 845 mln $Wielka Brytania
76%
2 006 054 mln $Hiszpania
75%
9 542 255 mln $Indie
75%
2 665 524 mln $Włochy
67%
2 625 895 mln $Meksyk
60%
2 304 833 mln $Korea południowa
53%
2 471 660 mln $Turcja
42%
3 331 872 mln $Indonezja
39%

Rozkład punktacji

Percentyl według liczby udzielonych odpowiedzi

Procent ludzi z każdym wynikiem

Twoja historia wyników

Nie rozwiązałeś tego quizu od ostatniego zresetowania